000 00721nam a22002292 4500
001 20377
003 CZ PrNK
005 20260121145833.0
008 960508s1989 xo slo
020 _a8022600040
_q(váz.) :
_c69 Kčs
040 _aABA001
_bcze
_cABA001
_dABA001
100 1 _aPažítka, Mikuláš,
_d1918-
_4aut
245 1 0 _aTaliansko /
_ctext Miluláš Pažítka ; [barevné] fotografie Juraj Bartoš a Pavol Janek
250 _a1. vyd.
260 _aBratislava :
_bČSTK Pressfoto,
_c1989
300 _a128 s. :
_bfot. ;
_c
500 _aRuské, anglické a německé souhrny
700 1 _aJanek, Pavol
_4pht
700 1 _aBartoš, Juraj,
_d1944-
_4pht
910 _aABA001
942 _2ddc
_cOLDO
_n0
999 _c20377
_d20377